000 00818cam a2200289 4500500
005 20260405003708.0
041 _afre
042 _adc
100 1 0 _aEltchaninoff, Michel
_eauthor
245 0 0 _aLa conspiration de Moscou
260 _c2023.
500 _a40
690 _aComplotisme
690 _aDissimulation
690 _aGuerre
690 _aMichel Eltchaninoff
690 _aMichel Onfray
690 _aPouvoir
690 _aRussie
690 _aThéorie du complot
690 _aThéories du complot
690 _aUkraine
690 _aVladimir Poutine
690 _aVolodymyr Zelensky
786 0 _nPhilosophie magazine | 169 | 5 | 2023-05-01 | p. 24-25 | 1951-1787
856 4 1 _uhttps://shs.cairn.info/magazine-philosophie-magazine-2023-5-page-24?lang=fr&redirect-ssocas=7080
999 _c2069937
_d2069937